[Event "GBR-ch105 Seniors 50"]
[Site "Hull"]
[Date "2018.07.30"]
[Round "2"]
[White "McMahon, Paul"]
[Black "Matthews, Chris J"]
[Result "0-1"]
[WhiteElo "1911"]
[BlackElo "1772"]
[PlyCount "108"]
[EventDate "2018.07.29"]
[EventType "swiss"]
[EventRounds "7"]
[EventCountry "GBR"]
[SourceTitle "CBM 185 Extra"]
[Source "ChessBase"]
[SourceDate "2018.06.29"]
[SourceVersion "1"]
[SourceVersionDate "2018.06.29"]
[SourceQuality "1"]

1. Nc3 g6 2. e4 Bg7 3. d4 e6 4. Nf3 Ne7 5. Bg5 d6 6. Qd2 h6 7. Be3 Nd7 8. O-O-O
Nb6 9. h4 Bd7 10. Kb1 Na4 11. g4 Nxc3+ 12. Qxc3 a5 13. Qd2 a4 14. Be2 c6 15. e5
d5 16. h5 g5 17. Bxg5 hxg5 18. Qxg5 Rg8 19. h6 Bh8 20. Qh5 a3 21. b3 Ng6 22.
Qh2 Qa5 23. Rd3 O-O-O 24. Nd2 c5 25. f4 Bb5 26. b4 Qa6 27. dxc5 Bxd3 28. Bxd3
Qc6 29. Nb3 Qc7 30. Re1 Ne7 31. Nd4 Kb8 32. Nb5 Qc6 33. Qh4 Ng6 34. Qf2 Qe8 35.
Nd6 Rxd6 36. cxd6 Qc6 37. Qd2 Nh4 38. Be2 Ng6 39. Bd3 Nxf4 40. Qxf4 Qc3 41. Qc1
Bxe5 42. Rxe5 Qxe5 43. h7 Rxg4 44. c3 Qh2 45. Bc2 f5 46. Qxa3 Qxh7 47. Qa4 Rg8
48. b5 Qd7 49. b6 Qxa4 50. Bxa4 Kc8 51. Bb5 Rd8 52. d7+ Rxd7 53. Bxd7+ Kxd7 54.
a4 Kd6 0-1

[Event "GBR-ch105 Seniors 50"]
[Site "Hull"]
[Date "2018.07.30"]
[Round "2"]
[White "Robinson, James M"]
[Black "Blades, Nigel"]
[Result "1/2-1/2"]
[WhiteElo "1745"]
[BlackElo "2072"]
[PlyCount "26"]
[EventDate "2018.07.29"]
[EventType "swiss"]
[EventRounds "7"]
[EventCountry "GBR"]
[SourceTitle "CBM 185 Extra"]
[Source "ChessBase"]
[SourceDate "2018.06.29"]
[SourceVersion "1"]
[SourceVersionDate "2018.06.29"]
[SourceQuality "1"]

1. d4 Nf6 2. Bf4 d5 3. e3 e6 4. Nd2 c5 5. c3 Nc6 6. Bd3 Bd6 7. Bg3 e5 8. dxe5
Nxe5 9. Bb5+ Bd7 10. Bxd7+ Qxd7 11. Ndf3 Nxf3+ 12. Qxf3 O-O-O 13. Ne2 Bxg3
1/2-1/2

[Event "GBR-ch105 Seniors 50"]
[Site "Hull"]
[Date "2018.07.30"]
[Round "2"]
[White "Spanton, Timothy R"]
[Black "Towers, Nigel S"]
[Result "1-0"]
[WhiteElo "1927"]
[BlackElo "1834"]
[PlyCount "173"]
[EventDate "2018.07.29"]
[EventType "swiss"]
[EventRounds "7"]
[EventCountry "GBR"]
[SourceTitle "CBM 185 Extra"]
[Source "ChessBase"]
[SourceDate "2018.06.29"]
[SourceVersion "1"]
[SourceVersionDate "2018.06.29"]
[SourceQuality "1"]

1. c4 Nf6 2. Nc3 e6 3. d4 Bb4 4. Bd2 c5 5. d5 d6 6. a3 Bxc3 7. Bxc3 O-O 8. Qd3
e5 9. e3 Bg4 10. Be2 Qe7 11. e4 Nbd7 12. f3 Bh5 13. Nh3 Bg6 14. O-O Ne8 15. Bd2
h6 16. g4 f6 17. Be3 Nc7 18. b4 b6 19. Nf2 Bh7 20. Nh1 a5 21. b5 g5 22. Ng3 Ne8
23. Nf5 Bxf5 24. gxf5 Ng7 25. h4 Nh5 26. Kf2 Nf4 27. Bxf4 exf4 28. Rh1 Ne5 29.
Qc2 Kg7 30. Rh3 Rh8 31. Rah1 Rh7 32. Qc1 Rah8 33. Qg1 Qf7 34. Qh2 Qe7 35. Rg1
Nf7 36. Qxf4 Qe5 37. Qxe5 dxe5 38. Ke3 Kf8 39. Rgh1 Kg7 40. Kd3 Nd6 41. Rg3 Kf8
42. Bf1 Ne8 43. Rgh3 Kg7 44. R3h2 Kf7 45. Bh3 Ke7 46. Bg4 Ng7 47. hxg5 fxg5 48.
Bh5 Nxh5 49. Rxh5 Kf7 50. Rg1 Kf6 51. Ke3 Rg8 52. d6 Rgh8 53. Rd1 Rd7 54. Rd5
Rhh7 55. Kf2 Rh8 56. Kg3 Rhh7 57. Kg4 Rh8 58. Kh3 Rhh7 59. Kg3 Rh8 60. Kg4 Rhh7
61. Rd1 Rh8 62. Rdh1 Rdh7 63. d7 Ke7 64. Rd1 Kd8 65. Rd5 Rxd7 66. Rxe5 Rd6 67.
Rh2 Kd7 68. Rd5 Rxd5 69. exd5 Kd6 70. Re2 h5+ 71. Kxg5 h4 72. Rh2 h3 73. Kg4
Ke5 74. f4+ Kd4 75. Rxh3 Rg8+ 76. Kf3 Kxc4 77. d6 Kxb5 78. Ke4 Kc6 79. Rh6 b5
80. f6 Rf8 81. Ke5 Re8+ 82. Kf5 b4 83. f7 Rf8 84. Ke6 b3 85. Ke7 c4 86. Kxf8 b2
87. d7+ 1-0

[Event "GBR-ch105 Seniors 50"]
[Site "Hull"]
[Date "2018.07.30"]
[Round "2"]
[White "Stephenson, David W"]
[Black "Gostelow, David W"]
[Result "1/2-1/2"]
[WhiteElo "1817"]
[BlackElo "1918"]
[PlyCount "123"]
[EventDate "2018.07.29"]
[EventType "swiss"]
[EventRounds "7"]
[EventCountry "GBR"]
[SourceTitle "CBM 185 Extra"]
[Source "ChessBase"]
[SourceDate "2018.06.29"]
[SourceVersion "1"]
[SourceVersionDate "2018.06.29"]
[SourceQuality "1"]

1. d4 d5 2. Nc3 Nf6 3. e4 dxe4 4. f3 exf3 5. Nxf3 Bg4 6. h3 Bxf3 7. Qxf3 c6 8.
g4 e6 9. Bd3 Bb4 10. O-O h6 11. Ne4 Nbd7 12. c3 Be7 13. Be3 Rf8 14. Ng3 Qc7 15.
c4 Bd6 16. Ne2 c5 17. Nc3 a6 18. d5 O-O-O 19. Be2 Ne5 20. Qg2 Rfe8 21. Bxh6
gxh6 22. Rxf6 h5 23. g5 h4 24. Raf1 Rg8 25. Kh1 Rdf8 26. dxe6 fxe6 27. Ne4 Be7
28. Rxf8+ Rxf8 29. Rxf8+ Bxf8 30. Bg4 Nxg4 31. Qxg4 Qe5 32. g6 Bg7 33. Qxh4
Qxb2 34. Nd6+ Kd7 35. Nf7 Qa1+ 36. Kg2 Qxa2+ 37. Kf3 Qb3+ 38. Kg2 Qb2+ 39. Kh1
Qc1+ 40. Kg2 Qd2+ 41. Kh1 Qd1+ 42. Kg2 Qe2+ 43. Qf2 Qxf2+ 44. Kxf2 a5 45. h4 a4
46. h5 a3 47. h6 Bd4+ 48. Ke2 a2 49. g7 a1=Q 50. g8=Q Qb2+ 51. Kd1 Qb3+ 52. Kd2
Qc3+ 53. Kd1 Qd3+ 54. Ke1 Qe3+ 55. Kd1 Qf3+ 56. Kc2 Qe2+ 57. Kc1 Qxc4+ 58. Kd1
Qd3+ 59. Ke1 Qe3+ 60. Kd1 Qd3+ 61. Ke1 Qe3+ 62. Kd1 1/2-1/2

[Event "GBR-ch105 Seniors 50"]
[Site "Hull"]
[Date "2018.07.30"]
[Round "2"]
[White "Townsend, M Paul"]
[Black "Bolt, Graham"]
[Result "1-0"]
[WhiteElo "2219"]
[BlackElo "2016"]
[PlyCount "51"]
[EventDate "2018.07.29"]
[EventType "swiss"]
[EventRounds "7"]
[EventCountry "GBR"]
[SourceTitle "CBM 185 Extra"]
[Source "ChessBase"]
[SourceDate "2018.06.29"]
[SourceVersion "1"]
[SourceVersionDate "2018.06.29"]
[SourceQuality "1"]

1. d4 g6 2. c4 Bg7 3. e4 d6 4. Nc3 e5 5. dxe5 dxe5 6. Qxd8+ Kxd8 7. f4 Nc6 8.
Nf3 Be6 9. fxe5 Kc8 10. Bf4 h6 11. Be2 g5 12. Bg3 g4 13. Nh4 Bxe5 14. O-O Bxg3
15. hxg3 Ne5 16. Nd5 c6 17. Nf4 Bxc4 18. Bxc4 Nxc4 19. Nfg6 Rh7 20. Nf8 Rg7 21.
Ne6 Rh7 22. Rad1 b6 23. Rd8+ Kb7 24. Rd7+ Kc8 25. Rc7+ Kb8 26. Rd1 1-0

[Event "GBR-ch105 Seniors 50"]
[Site "Hull"]
[Date "2018.07.30"]
[Round "2"]
[White "Waters, Clive L"]
[Black "Simons, Martin J"]
[Result "1/2-1/2"]
[WhiteElo "2064"]
[BlackElo "2008"]
[PlyCount "97"]
[EventDate "2018.07.29"]
[EventType "swiss"]
[EventRounds "7"]
[EventCountry "GBR"]
[SourceTitle "CBM 185 Extra"]
[Source "ChessBase"]
[SourceDate "2018.06.29"]
[SourceVersion "1"]
[SourceVersionDate "2018.06.29"]
[SourceQuality "1"]

1. d4 Nf6 2. Nf3 c5 3. d5 b5 4. c4 g6 5. Qc2 bxc4 6. e4 d6 7. Nc3 Nbd7 8. Bxc4
Bg7 9. h3 O-O 10. O-O Qb6 11. Qe2 Ne8 12. a4 a5 13. Bb5 Ba6 14. Bg5 f6 15. Be3
Nc7 16. Nd2 Bxb5 17. axb5 Qb7 18. Nc4 Nxb5 19. Nxa5 Nxc3 20. bxc3 Qc7 21. Nc6
Ne5 22. Nxe5 fxe5 23. Qg4 Rxa1 24. Rxa1 Qc8 25. Ra7 Qxg4 26. hxg4 Kf7 27. Kf1
Rc8 28. Ke2 Ke8 29. Kd3 Kd8 30. Kc4 Rc7 31. Ra1 h6 32. Ra6 Kd7 33. Bd2 Rc8 34.
Kb3 Rb8+ 35. Kc2 Rc8 36. c4 Rc7 37. Ba5 Rc8 38. Ra7+ Ke8 39. Bc7 Bf6 40. Kb3
Kd7 41. Bb6+ Ke8 42. Ka4 Kf7 43. Bc7 Ke8 44. Kb5 Kd7 45. Bb6+ Ke8 46. Ra3 Kd7
47. Ra7+ Ke8 48. Ka6 Bg5 49. Bc7 1/2-1/2

[Event "GBR-ch105 Seniors 50"]
[Site "Hull"]
[Date "2018.07.31"]
[Round "3"]
[White "Allison, Paul A"]
[Black "Connolly, Marcus PA"]
[Result "1/2-1/2"]
[WhiteElo "1615"]
[BlackElo "1830"]
[PlyCount "38"]
[EventDate "2018.07.29"]
[EventType "swiss"]
[EventRounds "7"]
[EventCountry "GBR"]
[SourceTitle "CBM 185 Extra"]
[Source "ChessBase"]
[SourceDate "2018.06.29"]
[SourceVersion "1"]
[SourceVersionDate "2018.06.29"]
[SourceQuality "1"]

1. e4 c5 2. Nf3 d6 3. d4 cxd4 4. Nxd4 Nf6 5. Nc3 g6 6. f4 Nbd7 7. Bb5 a6 8. Ba4
b5 9. Bb3 Bb7 10. Qe2 Nc5 11. Bd5 Nxd5 12. Nxd5 Bg7 13. c3 O-O 14. O-O e6 15.
Nb4 Qc7 16. f5 Nxe4 17. fxe6 Bxd4+ 18. cxd4 fxe6 19. Bh6 Rf5 1/2-1/2

[Event "GBR-ch105 Seniors 50"]
[Site "Hull"]
[Date "2018.07.31"]
[Round "3"]
[White "Blades, Nigel"]
[Black "Spanton, Timothy R"]
[Result "1-0"]
[WhiteElo "2072"]
[BlackElo "1927"]
[PlyCount "109"]
[EventDate "2018.07.29"]
[EventType "swiss"]
[EventRounds "7"]
[EventCountry "GBR"]
[SourceTitle "CBM 185 Extra"]
[Source "ChessBase"]
[SourceDate "2018.06.29"]
[SourceVersion "1"]
[SourceVersionDate "2018.06.29"]
[SourceQuality "1"]

1. d4 d5 2. c4 e6 3. Nc3 Nf6 4. Nf3 c5 5. cxd5 cxd4 6. Qxd4 exd5 7. e3 Nc6 8.
Bb5 Be7 9. Ne5 Qd6 10. O-O O-O 11. Nxc6 bxc6 12. Be2 c5 13. Qd1 Rd8 14. b3 Be6
15. Bb2 Rac8 16. Bf3 Qb6 17. Qe2 d4 18. Na4 d3 19. Qd2 Qd6 20. Ba3 Qe5 21. Rac1
Bd5 22. Bxd5 Rxd5 23. Nc3 Rdd8 24. f3 h5 25. Nb5 a6 26. Bb2 Qe6 27. Na3 Nd5 28.
Nc4 Bg5 29. Rce1 Nb4 30. f4 Bf6 31. e4 Bxb2 32. Qxb2 Nc2 33. f5 Qe8 34. f6 Nxe1
35. Rxe1 Rd4 36. e5 gxf6 37. Qd2 Rcd8 38. exf6 Qxe1+ 39. Qxe1 d2 40. Nxd2 Rxd2
41. Qg3+ Kf8 42. Qg7+ Ke8 43. Qg8+ Kd7 44. Qxf7+ Kc6 45. Qe6+ R8d6 46. Qe4+ Kb6
47. f7 Rd1+ 48. Kf2 R6d2+ 49. Ke3 Rd8 50. Qe6+ Ka5 51. Kf4 R8d4+ 52. Kg5 Rd5+
53. Kh4 R1d4+ 54. Kh3 Rd8 55. Qe8 1-0

[Event "GBR-ch105 Seniors 50"]
[Site "Hull"]
[Date "2018.07.31"]
[Round "3"]
[White "Bolt, Graham"]
[Black "Kennedy, Craig"]
[Result "1-0"]
[WhiteElo "2016"]
[BlackElo "1906"]
[PlyCount "53"]
[EventDate "2018.07.29"]
[EventType "swiss"]
[EventRounds "7"]
[EventCountry "GBR"]
[SourceTitle "CBM 185 Extra"]
[Source "ChessBase"]
[SourceDate "2018.06.29"]
[SourceVersion "1"]
[SourceVersionDate "2018.06.29"]
[SourceQuality "1"]

1. Nf3 Nf6 2. g3 d6 3. d3 g6 4. Bg2 Bg7 5. e4 c5 6. O-O Nc6 7. Nbd2 O-O 8. a4
Rb8 9. Nc4 Bd7 10. Re1 Ne8 11. c3 e5 12. Bg5 f6 13. Be3 f5 14. Qd2 Qe7 15. exf5
gxf5 16. Ng5 Nf6 17. f4 h6 18. fxe5 Nxe5 19. Nf3 Nxc4 20. dxc4 Ne4 21. Qc2 Qf7
22. Nd2 Nxd2 23. Qxd2 Bc6 24. Bxh6 Bxg2 25. Kxg2 Qxc4 26. Bxg7 Kxg7 27. Qg5+
1-0

[Event "GBR-ch105 Seniors 50"]
[Site "Hull"]
[Date "2018.07.31"]
[Round "3"]
[White "Brooks, Phil J"]
[Black "Townsend, M Paul"]
[Result "1/2-1/2"]
[WhiteElo "2187"]
[BlackElo "2219"]
[PlyCount "68"]
[EventDate "2018.07.29"]
[EventType "swiss"]
[EventRounds "7"]
[EventCountry "GBR"]
[SourceTitle "CBM 185 Extra"]
[Source "ChessBase"]
[SourceDate "2018.06.29"]
[SourceVersion "1"]
[SourceVersionDate "2018.06.29"]
[SourceQuality "1"]

1. d4 d5 2. c4 e6 3. Nc3 Nf6 4. cxd5 exd5 5. Bg5 c6 6. e3 Be7 7. Bd3 Nbd7 8.
Nf3 h6 9. Bf4 Nh5 10. Be5 Nxe5 11. Nxe5 Nf6 12. O-O Bd6 13. f4 O-O 14. Qf3 Bxe5
15. fxe5 Nh7 16. Qg3 Qg5 17. Bxh7+ Kxh7 18. Qxg5 hxg5 19. e4 Be6 20. exd5 cxd5
21. Nb5 Kg6 22. Rac1 Rac8 23. Nd6 Rxc1 24. Rxc1 b6 25. Rc7 Ra8 26. Kf2 Rh8 27.
h3 Rh4 28. Ke3 g4 29. hxg4 Rxg4 30. Rxa7 Rxg2 31. b4 Rg3+ 32. Kd2 Rg2+ 33. Ke3
Rg3+ 34. Kd2 Rg2+ 1/2-1/2

[Event "GBR-ch105 Seniors 50"]
[Site "Hull"]
[Date "2018.07.31"]
[Round "3"]
[White "Brown, Alan M"]
[Black "Robinson, James M"]
[Result "1-0"]
[WhiteElo "1976"]
[BlackElo "1745"]
[PlyCount "83"]
[EventDate "2018.07.29"]
[EventType "swiss"]
[EventRounds "7"]
[EventCountry "GBR"]
[SourceTitle "CBM 185 Extra"]
[Source "ChessBase"]
[SourceDate "2018.06.29"]
[SourceVersion "1"]
[SourceVersionDate "2018.06.29"]
[SourceQuality "1"]

1. d4 Nf6 2. c4 e6 3. Nc3 d5 4. Bg5 Be7 5. e3 c6 6. Nf3 O-O 7. Rc1 Nbd7 8. Bd3
a6 9. O-O b5 10. cxd5 cxd5 11. Qe2 Bb7 12. Rc2 Rc8 13. Rfc1 h6 14. Bh4 Qb6 15.
Ne5 Bd6 16. Bg3 Be7 17. Qd1 Qd8 18. Nb1 Rxc2 19. Rxc2 Qa8 20. Rc7 Rd8 21. Nd2
Bb4 22. Nb3 Nxe5 23. Bxe5 Ne8 24. Rc2 Bd6 25. Bxd6 Rxd6 26. Nc5 g6 27. Qg4 Kg7
28. h4 h5 29. Qf4 Bc8 30. Qe5+ f6 31. Qg3 f5 32. Qe5+ Kf7 33. f3 Bb7 34. g4
hxg4 35. fxg4 Bc6 36. h5 gxh5 37. gxh5 Qd8 38. Qf4 Nf6 39. Rg2 Qf8 40. h6 Ke8
41. Rg6 Bd7 42. Rxf6 1-0

[Event "GBR-ch105 Seniors 50"]
[Site "Hull"]
[Date "2018.07.31"]
[Round "3"]
[White "Chapman, Terry PD"]
[Black "Hodge, Steve R"]
[Result "1-0"]
[WhiteElo "2200"]
[BlackElo "2005"]
[PlyCount "75"]
[EventDate "2018.07.29"]
[EventType "swiss"]
[EventRounds "7"]
[EventCountry "GBR"]
[SourceTitle "CBM 185 Extra"]
[Source "ChessBase"]
[SourceDate "2018.06.29"]
[SourceVersion "1"]
[SourceVersionDate "2018.06.29"]
[SourceQuality "1"]

1. Nf3 f5 2. g3 Nf6 3. d4 g6 4. b3 Bg7 5. Bb2 d6 6. Bg2 O-O 7. O-O c6 8. c4 Na6
9. Nbd2 Qe8 10. Qc2 Nc7 11. b4 h6 12. Ne1 Be6 13. Nd3 Bf7 14. a4 Rc8 15. Nb3
Ne6 16. f3 g5 17. e4 fxe4 18. fxe4 g4 19. e5 Nd7 20. exd6 exd6 21. Rae1 Nf6 22.
Qd1 Qd8 23. d5 cxd5 24. cxd5 Ng5 25. Bxf6 Bxf6 26. Qxg4 Rc3 27. Nbc1 Bg7 28.
Kh1 Qc8 29. Qd1 Qd7 30. Nf4 Rc4 31. h4 Nh7 32. Ne6 Rfc8 33. Nd3 Nf6 34. Ndf4
Rc2 35. Nxg7 Kxg7 36. Qd4 Rf8 37. Re6 Be8 38. Rxf6 1-0

[Event "GBR-ch105 Seniors 50"]
[Site "Hull"]
[Date "2018.07.31"]
[Round "3"]
[White "Couchman, Andrew A"]
[Black "Clancy, Martin J"]
[Result "0-1"]
[WhiteElo "1130"]
[BlackElo "1810"]
[PlyCount "56"]
[EventDate "2018.07.29"]
[EventType "swiss"]
[EventRounds "7"]
[EventCountry "GBR"]
[SourceTitle "CBM 185 Extra"]
[Source "ChessBase"]
[SourceDate "2018.06.29"]
[SourceVersion "1"]
[SourceVersionDate "2018.06.29"]
[SourceQuality "1"]

1. d4 Nf6 2. Bf4 d6 3. e3 g6 4. Nf3 Bg7 5. Bd3 c5 6. c3 O-O 7. O-O cxd4 8. exd4
Nc6 9. Re1 a6 10. h3 b5 11. b4 Bb7 12. Nbd2 Nd5 13. Bh2 Nxc3 14. Qb3 Nxd4 15.
Nxd4 Bxd4 16. Rac1 Rc8 17. Nb1 Bd5 18. Qa3 Nxb1 19. Bxb1 Qb6 20. Bg3 Qb7 21.
Red1 Bb6 22. Kh2 Bxg2 23. Rg1 Bd5 24. Rxc8 Rxc8 25. Re1 Bd4 26. Rc1 Rxc1 27.
Qxc1 Qc6 28. Qd2 Bc3 0-1

[Event "GBR-ch105 Seniors 50"]
[Site "Hull"]
[Date "2018.07.31"]
[Round "3"]
[White "Dilleigh, Stephen P"]
[Black "Dean, Robert A"]
[Result "0-1"]
[WhiteElo "2016"]
[BlackElo "1844"]
[PlyCount "182"]
[EventDate "2018.07.29"]
[EventType "swiss"]
[EventRounds "7"]
[EventCountry "GBR"]
[SourceTitle "CBM 185 Extra"]
[Source "ChessBase"]
[SourceDate "2018.06.29"]
[SourceVersion "1"]
[SourceVersionDate "2018.06.29"]
[SourceQuality "1"]

1. Nf3 Nf6 2. c4 d6 3. d4 g6 4. Nc3 c6 5. e4 Bg7 6. Be2 O-O 7. O-O Nbd7 8. h3
e5 9. d5 Qc7 10. Be3 Rd8 11. Nd2 Ne8 12. g4 Bf6 13. g5 Bh8 14. Kh2 f5 15. gxf6
Bxf6 16. Rg1 Ng7 17. Nf3 Rf8 18. Ng5 Bxg5 19. Rxg5 Nf6 20. Qg1 Kh8 21. Rc1 Nfh5
22. Bxh5 Nxh5 23. Ne2 Rf3 24. Ng3 Nf4 25. Qd1 Rxe3 26. fxe3 Nxh3 27. Qf1 Qe7
28. Rf5 gxf5 29. Qxh3 fxe4 30. Qh5 Bd7 31. Rf1 Be8 32. Qg4 Bg6 33. Nxe4 Bxe4
34. Qxe4 cxd5 35. cxd5 Rf8 36. Rxf8+ Qxf8 37. Qh4 Kg8 38. Qg3+ Kh8 39. Qh4 h6
40. b4 Kh7 41. Qe4+ Kh8 42. Qh4 Kg7 43. Qg4+ Kf6 44. Qh4+ Kf7 45. Qg4 Ke7 46.
Qe6+ Kd8 47. Kg2 Qg7+ 48. Kh2 Kc7 49. Kh1 h5 50. Qf5 Qg4 51. Qc2+ Kb6 52. e4
Qf3+ 53. Kg1 h4 54. a4 h3 55. a5+ Kb5 56. a6 bxa6 57. Qc6+ Kxb4 58. Qxd6+ Kb3
59. Qg6 a5 60. d6 a4 61. Kh2 a3 62. Qg3 Qxg3+ 63. Kxg3 a2 64. d7 a1=Q 65. d8=Q
Qc3+ 66. Kh2 a5 67. Qb8+ Kc2 68. Qe8 Kb3 69. Qb8+ Ka3 70. Qd6+ Kb2 71. Qb8+ Ka2
72. Qg8+ Qb3 73. Qd5 a4 74. Qxe5 a3 75. Qf4 Kb2 76. Qf6+ Qc3 77. Qb6+ Ka1 78.
Qg1+ Ka2 79. Qg8+ Qb3 80. Qd5 Kb2 81. Qd4+ Qc3 82. Qb6+ Qb3 83. Qd4+ Kb1 84.
Qg1+ Ka2 85. Qe1 Qf3 86. Qd2+ Kb3 87. Qd5+ Kb2 88. Qb5+ Kc1 89. Qc4+ Kd1 90.
Qd5+ Ke1 91. Qa5+ Kf1 0-1

[Event "GBR-ch105 Seniors 50"]
[Site "Hull"]
[Date "2018.07.31"]
[Round "3"]
[White "Gibbs, Dominic V"]
[Black "Waters, Clive L"]
[Result "1-0"]
[WhiteElo "1948"]
[BlackElo "2064"]
[PlyCount "39"]
[EventDate "2018.07.29"]
[EventType "swiss"]
[EventRounds "7"]
[EventCountry "GBR"]
[SourceTitle "CBM 185 Extra"]
[Source "ChessBase"]
[SourceDate "2018.06.29"]
[SourceVersion "1"]
[SourceVersionDate "2018.06.29"]
[SourceQuality "1"]

1. e4 g6 2. Nc3 Bg7 3. d4 c6 4. Be3 d6 5. g3 Nf6 6. h3 O-O 7. Bg2 e5 8. Nge2
Nbd7 9. O-O Re8 10. a4 a5 11. g4 h5 12. g5 Nh7 13. h4 exd4 14. Bxd4 Bxd4 15.
Qxd4 Qb6 16. Qxd6 Qxb2 17. Rab1 Qxc2 18. Rfc1 Re6 19. Qd4 c5 20. Qe3 1-0

[Event "GBR-ch105 Seniors 50"]
[Site "Hull"]
[Date "2018.07.31"]
[Round "3"]
[White "Gostelow, David W"]
[Black "McMahon, Paul"]
[Result "1-0"]
[WhiteElo "1918"]
[BlackElo "1911"]
[PlyCount "77"]
[EventDate "2018.07.29"]
[EventType "swiss"]
[EventRounds "7"]
[EventCountry "GBR"]
[SourceTitle "CBM 185 Extra"]
[Source "ChessBase"]
[SourceDate "2018.06.29"]
[SourceVersion "1"]
[SourceVersionDate "2018.06.29"]
[SourceQuality "1"]

1. d4 d5 2. Bf4 Nf6 3. e3 e6 4. Nf3 c5 5. c3 Nc6 6. Nbd2 Bd6 7. Bg3 O-O 8. Bd3
Re8 9. Ne5 Bf8 10. O-O g6 11. Bh4 Bg7 12. Qf3 Nb8 13. Bb5 Rf8 14. Ng4 Qb6 15.
Bxf6 h5 16. Bxg7 Kxg7 17. Qf6+ Kh7 18. Qe7 Kg7 19. Qf6+ Kh7 20. Ne5 Qxb5 21.
Nxg6 Rg8 22. Qxf7+ Rg7 23. Nf8+ Kh8 24. Qxh5+ Kg8 25. Ng6 Nd7 26. Nf3 Rh7 27.
Qg5 Nf8 28. Nxf8+ Kxf8 29. Qd8+ Kg7 30. Ne5 b6 31. Qe7+ Kg8 32. Qd8+ Kg7 33.
Qg5+ Kf8 34. Qf6+ Kg8 35. Qd8+ Kg7 36. a4 Qxb2 37. Qe7+ Kg8 38. Qe8+ Kg7 39.
Qf7+ 1-0

[Event "GBR-ch105 Seniors 50"]
[Site "Hull"]
[Date "2018.07.31"]
[Round "3"]
[White "Matthews, Chris J"]
[Black "Kenning, Paul H"]
[Result "0-1"]
[WhiteElo "1772"]
[BlackElo "1841"]
[PlyCount "83"]
[EventDate "2018.07.29"]
[EventType "swiss"]
[EventRounds "7"]
[EventCountry "GBR"]
[SourceTitle "CBM 185 Extra"]
[Source "ChessBase"]
[SourceDate "2018.06.29"]
[SourceVersion "1"]
[SourceVersionDate "2018.06.29"]
[SourceQuality "1"]

1. d4 d6 2. e4 Nf6 3. Nc3 Nbd7 4. f4 e5 5. dxe5 dxe5 6. fxe5 Nxe5 7. Qxd8+ Kxd8
8. Bg5 c6 9. Nf3 Nxf3+ 10. gxf3 h6 11. O-O-O+ Ke8 12. Be3 Bb4 13. Na4 b6 14. a3
Be7 15. Nc3 Be6 16. Ba6 Rd8 17. Rxd8+ Bxd8 18. Rd1 Bc7 19. Rd2 Ke7 20. Bf1 Rd8
21. Rxd8 Kxd8 22. f4 Ng4 23. Bg1 Bxf4+ 24. Kd1 Nxh2 25. Ne2 Be5 26. Bxh2 Bxh2
27. Nd4 Bg4+ 28. Kd2 Kc7 29. Nf5 g6 30. Ne3 Bf4 31. Kd3 Bxe3 32. Kxe3 Kd6 33.
Bd3 Ke5 34. Ba6 h5 35. Bb7 Bd7 36. Ba6 h4 37. Be2 g5 38. Bf1 c5 39. Bg2 h3 40.
Bh1 g4 41. Kf2 Kf4 42. e5 0-1

[Event "GBR-ch105 Seniors 50"]
[Site "Hull"]
[Date "2018.07.31"]
[Round "3"]
[White "Nelson, Jonathan P"]
[Black "Lewis, Andrew P"]
[Result "0-1"]
[WhiteElo "2178"]
[BlackElo "2298"]
[PlyCount "42"]
[EventDate "2018.07.29"]
[EventType "swiss"]
[EventRounds "7"]
[EventCountry "GBR"]
[SourceTitle "CBM 185 Extra"]
[Source "ChessBase"]
[SourceDate "2018.06.29"]
[SourceVersion "1"]
[SourceVersionDate "2018.06.29"]
[SourceQuality "1"]

1. d4 Nf6 2. c4 g6 3. Nc3 Bg7 4. e4 d6 5. Be2 O-O 6. f4 c5 7. Nf3 cxd4 8. Nxd4
Na6 9. Be3 Nc5 10. Bf3 e5 11. Ndb5 exf4 12. Bxf4 Be6 13. Qe2 Nfd7 14. b4 a6 15.
O-O axb5 16. Nxb5 Bxa1 17. Bxd6 Bg7 18. bxc5 Ne5 19. Rc1 Qg5 20. Rc2 Ra4 21.
Bxf8 Bxf8 0-1

[Event "GBR-ch105 Seniors 50"]
[Site "Hull"]
[Date "2018.07.31"]
[Round "3"]
[White "Simons, Martin J"]
[Black "Robson, Paul E"]
[Result "0-1"]
[WhiteElo "2008"]
[BlackElo "1842"]
[PlyCount "106"]
[EventDate "2018.07.29"]
[EventType "swiss"]
[EventRounds "7"]
[EventCountry "GBR"]
[SourceTitle "CBM 185 Extra"]
[Source "ChessBase"]
[SourceDate "2018.06.29"]
[SourceVersion "1"]
[SourceVersionDate "2018.06.29"]
[SourceQuality "1"]

1. d4 c5 2. d5 Nf6 3. Nc3 d6 4. e4 g6 5. Bb5+ Bd7 6. a4 Na6 7. f4 Nc7 8. Be2 e6
9. dxe6 fxe6 10. Nf3 d5 11. e5 Ng4 12. h3 Nh6 13. g4 Bc6 14. Bb5 Qd7 15. Qe2
O-O-O 16. Bxc6 Qxc6 17. Nb5 Kb8 18. Nxc7 Qxc7 19. Be3 Nf7 20. Bf2 Qa5+ 21. Qd2
Qxd2+ 22. Kxd2 Bh6 23. g5 Bf8 24. h4 h5 25. Rhd1 Rd7 26. c4 Nd8 27. Kc3 Be7 28.
Rd2 d4+ 29. Kd3 Nc6 30. Rdd1 Rf8 31. Ke4 Bd8 32. Be1 Rdf7 33. Bg3 Ba5 34. Ne1
Bxe1 35. Rxe1 Ne7 36. Rad1 Nf5 37. Bf2 Nxh4 38. Bg3 Ng2 39. Re2 Ne3 40. Rc1 h4
41. Bh2 Ng4 42. Rf1 Rf5 43. Kd3 Nxh2 44. Rxh2 Rxf4 45. Rfh1 Rf3+ 46. Ke2 Re3+
47. Kd1 Rxe5 48. Rxh4 Rxg5 49. Rh7 Rgf5 50. Re7 Rf1+ 51. Rxf1 Rxf1+ 52. Kd2
Rf2+ 53. Ke1 Rf6 0-1

[Event "GBR-ch105 Seniors 50"]
[Site "Hull"]
[Date "2018.07.31"]
[Round "3"]
[White "Towers, Nigel S"]
[Black "Stephenson, David W"]
[Result "0-1"]
[WhiteElo "1834"]
[BlackElo "1817"]
[PlyCount "112"]
[EventDate "2018.07.29"]
[EventType "swiss"]
[EventRounds "7"]
[EventCountry "GBR"]
[SourceTitle "CBM 185 Extra"]
[Source "ChessBase"]
[SourceDate "2018.06.29"]
[SourceVersion "1"]
[SourceVersionDate "2018.06.29"]
[SourceQuality "1"]

1. e4 e5 2. Nf3 Nc6 3. Bb5 f5 4. d3 Nf6 5. Qe2 Bc5 6. O-O O-O 7. Nc3 d6 8. Na4
Bb6 9. Nxb6 axb6 10. c3 Qe8 11. Ne1 Qg6 12. f3 Be6 13. Nc2 Ne7 14. Na3 Kh8 15.
Bc4 Bd7 16. Bb3 Nh5 17. Bd2 Rf6 18. Nc2 f4 19. d4 Rd8 20. Be1 Qg5 21. Rd1 Rh6
22. Bf7 Ng6 23. Bxg6 Rxg6 24. dxe5 Bh3 25. Rd2 Bxg2 26. Qxg2 Qxe5 27. Qxg6 hxg6
28. Bh4 Re8 29. Rd5 Qe6 30. Kg2 Qd7 31. Rfd1 Nf6 32. R5d4 Re5 33. Ne1 Rh5 34.
Bxf6 Qh3+ 35. Kf2 Qxh2+ 36. Kf1 gxf6 37. R4d2 Qg3 38. Ke2 Qg1 39. Kd3 Kg7 40.
Kc2 Rh3 41. Ng2 Qh2 42. Ne1 Qg3 43. Rg2 Qh4 44. Rdd2 g5 45. Rde2 Qh7 46. Kd2
Kf7 47. Rgf2 Qg8 48. Rg2 Qa8 49. a3 Qa4 50. Ref2 Qb3 51. Kc1 c5 52. Rh2 Qe6 53.
Kc2 c4 54. Rxh3 Qxh3 55. Kd2 g4 56. fxg4 Qe3+ 0-1